书目信息 |
| 题名: |
金属塑性成型CAE技术
|
|
| 作者: | 孔凡新 主编 | |
| 分册: | ||
| 出版信息: | 北京 电子工业出版社 2020.11 |
|
| 页数: | 204页 | |
| 开本: | 26cm | |
| 丛书名: | ||
| 单 册: | ||
| 中图分类: | TG301 | |
| 科图分类: | ||
| 主题词: | 金属压力加工--塑性变形--计算机辅助分析--应用软件--高等教育--教材 | |
| 电子资源: | ||
| ISBN: | 978-7-121-33461-0 | |
| 000 | 01035nam0 2200265 45 | |
| 001 | 012001002600 | |
| 005 | 20230216165631.26 | |
| 010 | @a978-7-121-33461-0@dCNY45.00 | |
| 100 | @a20180320d2018 em y0chiy50 ea | |
| 101 | 0 | @achi |
| 102 | @aCN@b110000 | |
| 105 | @aa z 000yy | |
| 200 | 1 | @a金属塑性成型CAE技术@Ajin shu su xing cheng xing CAE ji shu@b专著@eDYNAFORM及DEFORM@f孔凡新[等]主编 |
| 210 | @a北京@c电子工业出版社@d2020.11 | |
| 215 | @a204页@c图@d26cm | |
| 300 | @a普通高等教育“十三五”机电类规划教材 | |
| 300 | @a其他题名:DYNAFORM及DEFORM | |
| 304 | @a主编还有:吴梦陵、李振红、王辛 | |
| 330 | @a本书共分10章,在介绍板料成型CAE技术和体积成型CAE技术的发展、国内外水平、发展趋势的基础上,介绍了DYNAFORM及DEFORM软件的基本操作、网格前处理及实例分析。 | |
| 517 | 1 | @aDYNAFORM及DEFORM@ADYNAFORM ji DEFORM |
| 606 | 0 | @a金属压力加工@x塑性变形@x计算机辅助分析@x应用软件@x高等教育@j教材 |
| 690 | @aTG301@v5 | |
| 701 | 0 | @a孔凡新@Akong fan xin@4主编 |
| 801 | 2 | @aCN@bBJSDL@c20211018 |
| 905 | @b1344475-8@dTG301@e21@f4 | |
| 金属塑性成型CAE技术:DYNAFORM及DEFORM/孔凡新[等]主编.-北京:电子工业出版社,2020.11 |
| 204页:图;26cm |
| 普通高等教育“十三五”机电类规划教材.-其他题名:DYNAFORM及DEFORM |
| ISBN 978-7-121-33461-0:CNY45.00 |
| 本书共分10章,在介绍板料成型CAE技术和体积成型CAE技术的发展、国内外水平、发展趋势的基础上,介绍了DYNAFORM及DEFORM软件的基本操作、网格前处理及实例分析。 |
| ● |
| 相关链接 |
|
|
|
|
正题名:金属塑性成型CAE技术
索取号:TG301/21
 
预约/预借
| 序号 | 登录号 | 条形码 | 馆藏地/架位号 | 状态 | 备注 |
| 1 | 1052676 | 210526769 | 第三借阅区/ [索取号:TG301/21] | 在馆 | |
| 2 | 1344475 | 213444753 | 第二样本阅览室/ [索取号:TG301/21] | 在馆 | |
| 3 | 1344476 | 213444762 | 第三借阅区/ [索取号:TG301/21] | 在馆 | |
| 4 | 1344477 | 213444771 | 第三借阅区/ [索取号:TG301/21] | 在馆 | |
| 5 | 1344478 | 213444780 | 第三借阅区/ [索取号:TG301/21] | 在馆 |